Ιστορία της βυζαντινής δημώδους λογοτεχνίας

Αποθηκεύτηκε σε:
Λεπτομέρειες βιβλιογραφικής εγγραφής
Κύριος συγγραφέας: Beck, Hans-Georg, 1910-1999
Άλλοι συγγραφείς: Eideneier-Αναστασιάδη, Νίκη, 1940- (Επιμελητής έκδοσης)
Μορφή: Βιβλίο
Γλώσσα:Greek
German
Δημοσίευση: Αθήνα : Μορφωτικό Ιδρυμα Εθνικής Τραπέζης, 1988.
Θέματα:
Ετικέτες: Προσθήκη ετικέτας
Δεν υπάρχουν, Καταχωρήστε ετικέτα πρώτοι!

MARC

LEADER 00000cam a2200000 i 4500
001 1/104857
008 950606s1988 gr | ||| |||| ||gre||
035 |l 10013432 
040 |a GR-MyUA  |b gre  |e AACR2 
041 1 |a gre  |h ger 
082 0 |a 880.9 
100 1 |a Beck, Hans-Georg,   |d 1910-1999. 
245 1 0 |a Ιστορία της βυζαντινής δημώδους λογοτεχνίας /   |c Hans-Georg Beck ; μετάφραση Νίκη Eideneier.  
260 |a Αθήνα :   |b Μορφωτικό Ιδρυμα Εθνικής Τραπέζης,   |c 1988.  
300 |a 344 σ.  
500 |a Τίτλος πρωτοτύπου: Geschichte der byzantinischen volksliteratur.  
504 |a Περιέχει ευρετήριο.  
650 0 0 |a Byzantine literature. 
700 1 |a Eideneier-Αναστασιάδη, Νίκη,  |d 1940-  |e edt 
852 |a INST  |b LESVOS  |e 19950606  |h 880.9 BEC  |p 005100005109  |q 005100005109  |t BK  |y 0 
909 |a Λ  |b 016668